00814cam a2200193Ia 4500020001800000020001800018040000800036082002600044100002300070245011000093246006100203260005700264300003200321500007200353650003200425942001000457999001700467952013600484 a9789251091265 a9789251091265 cOHX a333 FAO 2016 C323 Or.1 aIsubikalu, Prossy,10aFARMER FIELD SCHOOL GUIDANCE DOCUMENT : Planning for quality programmesbfarmer field schools in Uganda /13aFOOD AND AGRICULTURE ORGANIZATION OF THE UNITED NATIONS  aWageningen :bWageningen Academic Publishers,cc2007 a215 p. :bill., map;c24 cm aOriginally presented as the author's thesis (doctoral - Wageningen) 0aAgricultural extension work cAEDBB c20651d20651 0010406333_000000000000000_FAO_2016_C323_OR70991937aLBCbLBCcC323d2022-10-19o333 FAO 2016 C323 Or.pa069797r2022-10-19yEK